| 000 | 00364pab a2200145 454500 | ||
|---|---|---|---|
| 008 | 180718b2002 xxu||||| |||| 00| 0 eng d | ||
| 100 | _aDatta, Prabhat | ||
| 245 | _aMetropolitan planning committee: West Bengal shows the way | ||
| 260 | _c2002 | ||
| 300 | _ap.27-29. | ||
| 362 | _a13 Jul | ||
| 650 | _aLocal government | ||
| 773 | _aMainstream | ||
| 909 | _a52963 | ||
| 999 |
_c52963 _d52963 |
||